000 00906nas a2200301 4500
001 BR0302940
003 BR-BrBNA
005 20231205103851.0
007 ta
008 230509b bl.|||p| |||| 00| 00por d
040 _aBR-BrBNA
_bpor
_cBiblioteca Nacional de Agricultura
041 _a(Pt)
072 _aL10; L01
100 1 _aMello, S. de P.
100 1 _aAlencar, M.M. de
100 1 _aSilva, L.O.C. da
100 1 _aBarbosa, R.T.
100 1 _aBarbosa, P.F.
245 1 _aEstimativas de (Co)variâncias e tendências genéticas para pesos em um rebanho Canchim
650 _aGADO DE CORTE
650 _aPESO
650 _aSELEÇÃO
650 _aMÉTODO ESTATÍSTICO
650 _aREBANHO
773 0 _tRevista Brasileira de Zootecnia (Brazil)
_xISSN 1516-3598
_g(Jul-Aug 2002), v. 31(4) p. 1705-1714
_wBR0302940
909 _a202311
_bLúcia
_c55
_dLúcia Elande
942 _2AGRIS
_n0
_cANA
999 _c175149
_d175149